| 000 | 00568nam a2200181 i 4500 | ||
|---|---|---|---|
| 001 | 150084 | ||
| 003 | ES-MaACL | ||
| 005 | 20250624062529.0 | ||
| 007 | t| | ||
| 008 | 071026s1960 sp ||||1| spa d | ||
| 100 | 1 |
_aValle-Inclán, Ramón del, _d1866-1936 _9112796 |
|
| 245 | 1 | 0 |
_aJardín umbrío _b: historias de santos de almas en pena, de duendes y de ladrones / _cRamón del Valle-Inclán. |
| 250 | _a2ª ed. | ||
| 260 |
_aMadrid : _bEspasa Calpe, _c[1960] |
||
| 300 |
_a150 p. ; _c18 cm. |
||
| 852 |
_aES-MaACL _jG-10123 _bR.47187 |
||
| 999 |
_c150084 _d150084 |
||